| 000 | 00779nam a2200205Ia 4500 | ||
|---|---|---|---|
| 008 | 220216s9999 xx 000 0 und d | ||
| 100 | _aManju M.J. | ||
| 245 | 0 | _aStudy on the pattern of occurrence of Corynespora cassiicola leaf fall and Colletotrichum leaf spot disease of Hevea in rubber plantations of Coastal Karnataka | |
| 260 |
_bAsian Congress of Mycology and Plant Pathology, 1-4 October 2002, Indian Society of Mycology and Plant Pathology, Manasagangotri, University of Mysore, Mysore, India _c2002 |
||
| 650 | _aColletotrichum | ||
| 650 | _aCorynespora cassiicola | ||
| 650 | _aKarnataka | ||
| 650 | _aLeaf fall | ||
| 650 | _aLeaf spot | ||
| 700 | _aIdicula S.P. | ||
| 700 | _aJacob C.K. | ||
| 700 | _aSuryakumar M. | ||
| 700 | _aVinod K.K. | ||
| 942 | _cBS | ||
| 999 |
_c52636 _d52636 |
||